[Event "XV  MIEDZYNARODOWY FESTIWAL  SZACHOWY "]
[Site "Rewal"]
[Date "2010.08.21"]
[Round "3.9"]
[White "Szczepkowska-horowska, Karina"]
[Black "Guzik, Jolanta"]
[Result "1/2-1/2"]
[WhiteElo "2298"]
[BlackElo "2112"]
[PlyCount "90"]
[EventDate "2010.??.??"]

1. e4 e5 2. Nf3 Nc6 3. Bc4 Bc5 4. d3 Nf6 5. c3 d6 6. Nbd2 a6 7. Bb3 Be6 8. Bc2
h6 9. h3 Ba7 10. Nf1 d5 11. Qe2 dxe4 12. dxe4 b5 13. Bb3 Qe7 14. Ng3 Na5 15.
Bxe6 Qxe6 16. O-O g6 17. b3 Nb7 18. Bd2 Rd8 19. Rac1 Nd6 20. Rfd1 Kf8 21. c4
bxc4 22. bxc4 Bc5 23. Bc3 Nd7 24. Nd2 Kg7 25. Bb2 f6 26. Nb3 Qf7 27. Rd5 Nb7
28. Rcd1 c6 29. R5d3 Bb6 30. Ba3 h5 31. Nf1 Nb8 32. Rxd8 Rxd8 33. Rxd8 Nxd8 34.
Bd6 Bc7 35. Qd2 Ne6 36. Ne3 Ng5 37. Bxc7 Qxc7 38. Nc5 Qe7 39. Qa5 Nd7 40. Nxa6
Nxe4 41. Qc7 Qd6 42. Qxd6 Nxd6 43. g3 Kf7 44. a4 Nb7 45. Nb4 Na5 1/2-1/2

[Event "XV  MIEDZYNARODOWY FESTIWAL  SZACHOWY "]
[Site "Rewal"]
[Date "2010.08.21"]
[Round "3.10"]
[White "Pietruszewski, Marcin"]
[Black "Adamski, Jan"]
[Result "0-1"]
[WhiteElo "2098"]
[BlackElo "2287"]
[PlyCount "64"]
[EventDate "2010.??.??"]

1. e4 c5 2. Nf3 a6 3. c4 e6 4. Nc3 Qc7 5. d4 cxd4 6. Nxd4 Nf6 7. Be3 Bb4 8. Bd3
Bxc3+ 9. bxc3 d6 10. f4 Nbd7 11. Nb3 b6 12. O-O Bb7 13. Qc2 e5 14. fxe5 dxe5
15. Rab1 O-O 16. c5 bxc5 17. Na5 Bxe4 18. Bxe4 Nxe4 19. Rb7 Qxa5 20. Rxd7 Qb5
21. Rd5 Qc4 22. Rxe5 Rae8 23. Rxe8 Rxe8 24. Qb3 Qxb3 25. axb3 Rb8 26. Rf4 Nxc3
27. Rc4 Rxb3 28. Bxc5 f6 29. Kf1 Rb1+ 30. Kf2 Rb2+ 31. Kf3 Rb3 32. Kf4 Nd1 0-1

[Event "XV  MIEDZYNARODOWY FESTIWAL  SZACHOWY "]
[Site "Rewal"]
[Date "2010.08.21"]
[Round "3.11"]
[White "Jaracz, Barbara"]
[Black "Kielar, Maciej"]
[Result "1/2-1/2"]
[WhiteElo "2280"]
[BlackElo "2055"]
[PlyCount "66"]
[EventDate "2010.??.??"]

1. e4 c5 2. Nf3 d6 3. d4 cxd4 4. Nxd4 Nf6 5. Nc3 g6 6. Be3 Bg7 7. f3 Nc6 8. Qd2
O-O 9. Bc4 Bd7 10. O-O-O Qa5 11. Kb1 Rfc8 12. Bb3 Ne5 13. h4 h5 14. Bg5 Kf8 15.
f4 Nc4 16. Bxc4 Rxc4 17. Nb3 Qa6 18. e5 Ng4 19. Nd5 Bf5 20. Bxe7+ Kg8 21. Nd4
Rxd4 22. Qxd4 dxe5 23. fxe5 Bxe5 24. Qd2 Rc8 25. Rc1 Rc4 26. Ba3 Kg7 27. Ne3
Nxe3 28. Qxe3 Bf4 29. Qe7 Rc7 30. Qf8+ Kh7 31. b3 Bh6 32. Qd6 Qxd6 33. Bxd6 Rc6
1/2-1/2

[Event "XV  MIEDZYNARODOWY FESTIWAL  SZACHOWY "]
[Site "Rewal"]
[Date "2010.08.21"]
[Round "3.12"]
[White "Nasuta, Grzegorz"]
[Black "Skawinski, Arkadiusz"]
[Result "1/2-1/2"]
[WhiteElo "2102"]
[BlackElo "2233"]
[PlyCount "101"]
[EventDate "2010.??.??"]

1. e4 e6 2. d4 d5 3. Nc3 Bb4 4. e5 c5 5. a3 Bxc3+ 6. bxc3 Qa5 7. Bd2 Qa4 8. Nf3
Ne7 9. Qb1 c4 10. g3 Nbc6 11. Bh3 Bd7 12. O-O O-O-O 13. Nh4 Ng6 14. Ng2 f5 15.
exf6 gxf6 16. Bh6 e5 17. Bxd7+ Rxd7 18. Qd1 Kb8 19. Ne3 Qa5 20. Ng4 Qd8 21. Qd2
Rg8 22. dxe5 Ngxe5 23. Nxe5 fxe5 24. Rfb1 Qf6 25. Be3 h5 26. Rb5 h4 27. Rxd5
Rdg7 28. Rd6 Qf5 29. Rh6 Rh7 30. Rxh7 Qxh7 31. Rb1 Rd8 32. Qe2 h3 33. Re1 Qf5
34. f4 Ka8 35. Qf2 exf4 36. Bxf4 Qa5 37. Qf3 Qxa3 38. g4 Rf8 39. Qg3 Qc5+ 40.
Be3 Qd5 41. Qxh3 Ne5 42. Qg2 Qd7 43. Ra1 Nf3+ 44. Kh1 a6 45. Rf1 Rf7 46. g5 Nh4
47. Rxf7 Qxf7 48. Qe4 Qf1+ 49. Bg1 Kb8 50. Qe8+ Kc7 51. Qe7+ 1/2-1/2

[Event "XV  MIEDZYNARODOWY FESTIWAL  SZACHOWY "]
[Site "Rewal"]
[Date "2010.08.21"]
[Round "3.13"]
[White "Gola, Karol"]
[Black "Polok, Kacper"]
[Result "1/2-1/2"]
[WhiteElo "2212"]
[BlackElo "2041"]
[PlyCount "53"]
[EventDate "2010.??.??"]

1. e4 c5 2. Nf3 d6 3. Bb5+ Nc6 4. Bxc6+ bxc6 5. O-O e5 6. Re1 Be7 7. c3 Bg4 8.
d3 Nf6 9. Nbd2 O-O 10. h3 Bh5 11. Qa4 Qc7 12. d4 exd4 13. cxd4 Nd7 14. Qc2 Bf6
15. dxc5 Nxc5 16. Nh2 Bg6 17. f4 Bh4 18. Rf1 f5 19. e5 Ne6 20. exd6 Qxd6 21.
Nc4 Qc7 22. Ne5 Bf6 23. Qxc6 Qxc6 24. Nxc6 Rac8 25. Ne5 Nd4 26. Nhf3 Ne2+ 27.
Kh2 1/2-1/2

[Event "XV  MIEDZYNARODOWY FESTIWAL  SZACHOWY "]
[Site "Rewal"]
[Date "2010.08.21"]
[Round "3.14"]
[White "Mucha, Marcin"]
[Black "Obrusnik, Michal"]
[Result "0-1"]
[WhiteElo "2088"]
[BlackElo "2196"]
[PlyCount "92"]
[EventDate "2010.??.??"]

1. d4 Nf6 2. c4 g6 3. Nc3 Bg7 4. e4 d6 5. Be2 O-O 6. Nf3 e5 7. O-O Nc6 8. d5
Ne7 9. Ne1 Nd7 10. Be3 f5 11. f3 f4 12. Bf2 g5 13. Rc1 Rf6 14. c5 dxc5 15. b4
cxb4 16. Nb5 c5 17. dxc6 Nxc6 18. Nd6 Nb6 19. Nxc8 Rxc8 20. Nd3 Kh8 21. Nc5 Qe7
22. Qb3 Bf8 23. Rc2 Nd4 24. Bxd4 exd4 25. Na4 Rxc2 26. Qxc2 Rc6 27. Qd1 Nxa4
28. Qxa4 Rc3 29. Rd1 Qc5 30. Kh1 Ra3 31. Qe8 Rxa2 32. Bc4 Rc2 33. Bd5 Qe7 34.
Qa4 Qc5 35. Qe8 Qe7 36. Qa4 d3 37. Rxd3 Rc1+ 38. Rd1 Qc7 39. h3 Qc2 40. Bb3
Rxd1+ 41. Kh2 b5 42. Bxc2 bxa4 43. Bxd1 a3 44. Bb3 a5 45. Kg1 a4 46. Bc4 b3 0-1

[Event "XV  MIEDZYNARODOWY FESTIWAL  SZACHOWY "]
[Site "Rewal"]
[Date "2010.08.21"]
[Round "3.15"]
[White "Reza, Wojciech"]
[Black "Szuper, Paul"]
[Result "1-0"]
[WhiteElo "1940"]
[BlackElo "2192"]
[PlyCount "65"]
[EventDate "2010.??.??"]

1. e4 e5 2. Nf3 Nc6 3. Bc4 Be7 4. O-O Nf6 5. Qe2 O-O 6. c3 d6 7. h3 Na5 8. Bb5
a6 9. Ba4 b5 10. Bc2 c5 11. d4 Qc7 12. d5 c4 13. Be3 Nb7 14. Nbd2 Bd7 15. g4 h5
16. Nh2 hxg4 17. hxg4 Qc8 18. f3 Nc5 19. Kg2 Nh7 20. Rh1 Ng5 21. Nhf1 g6 22.
Qf2 Kg7 23. f4 exf4 24. Bd4+ f6 25. Qxf4 Kf7 26. Ne3 Ke8 27. Rh6 Nf7 28. Rxg6
Ne5 29. Rg7 Kd8 30. Rh1 f5 31. Rxe7 Kxe7 32. Qg5+ Ke8 33. Bxe5 1-0

[Event "XV  MIEDZYNARODOWY FESTIWAL  SZACHOWY "]
[Site "Rewal"]
[Date "2010.08.21"]
[Round "3.16"]
[White "Sroka, Janusz"]
[Black "Puczylowski, Marcin"]
[Result "1-0"]
[WhiteElo "2148"]
[BlackElo "2034"]
[PlyCount "83"]
[EventDate "2010.??.??"]

1. e4 c5 2. g3 Nc6 3. Bg2 g6 4. d3 Bg7 5. f4 e6 6. c3 Nge7 7. Be3 d6 8. Nf3 O-O
9. O-O Rb8 10. Nbd2 b5 11. e5 Nd5 12. Bf2 dxe5 13. Nxe5 Nxe5 14. fxe5 Qc7 15.
Ne4 c4 16. d4 Rd8 17. Qf3 Bb7 18. g4 Qe7 19. Qh3 Nf4 20. Qf3 Nxg2 21. Qxg2 b4
22. Rae1 bxc3 23. bxc3 Bd5 24. Re2 Rd7 25. Qh3 Rdb7 26. Nf6+ Bxf6 27. exf6 Qf8
28. Bg3 Rb2 29. Rfe1 Rxe2 30. Rxe2 Rb1+ 31. Kf2 h6 32. Bf4 Kh7 33. Bd2 Bc6 34.
Bf4 a5 35. Bd2 a4 36. Bf4 a3 37. Re5 Rb2+ 38. Re2 Ba4 39. Bc1 Rxe2+ 40. Kxe2
Bb3 41. d5 exd5 42. Qe3 1-0

[Event "XV  MIEDZYNARODOWY FESTIWAL  SZACHOWY "]
[Site "Rewal"]
[Date "2010.08.21"]
[Round "3.17"]
[White "Mrozewicz, Ryszard"]
[Black "Hansson, Hakan"]
[Result "0-1"]
[WhiteElo "1669"]
[BlackElo "2114"]
[PlyCount "82"]
[EventDate "2010.??.??"]

1. d4 Nf6 2. Nf3 g6 3. Bf4 Bg7 4. e3 O-O 5. Nbd2 d5 6. h3 c5 7. c3 b6 8. Qc2
Bb7 9. Bd3 Nc6 10. O-O Rc8 11. Qb1 Re8 12. Re1 e6 13. Ne5 Nd7 14. Nxd7 Qxd7 15.
Nf3 e5 16. dxe5 Nxe5 17. Be2 d4 18. Nxe5 Bxe5 19. Bxe5 Rxe5 20. Bg4 f5 21. Be2
dxe3 22. Bc4+ Kg7 23. Rxe3 Rxe3 24. fxe3 Qd2 25. Qf1 Rd8 26. Re1 Bxg2 27. Qe2
Bxh3 28. Bb3 Qxe2 29. Rxe2 Bg4 30. Re1 Rd2 31. e4 f4 32. e5 Kf8 33. Re4 g5 34.
e6 Ke7 35. Re5 h6 36. Kf1 Rd6 37. Re1 Bxe6 38. Bc2 Kf6 39. Re2 Bc4 40. Kf2 Bxe2
41. Kxe2 g4 0-1

[Event "XV  MIEDZYNARODOWY FESTIWAL  SZACHOWY "]
[Site "Rewal"]
[Date "2010.08.21"]
[Round "3.18"]
[White "Pietocha, Pawel"]
[Black "Gabrys, Sebastian"]
[Result "1-0"]
[WhiteElo "2113"]
[BlackElo "1833"]
[PlyCount "89"]
[EventDate "2010.??.??"]

1. Nf3 Nf6 2. g3 g6 3. Bg2 Bg7 4. O-O O-O 5. d3 d6 6. e4 e5 7. Bg5 Be6 8. Qd2
Qd7 9. Re1 Nh5 10. Bh6 Nc6 11. Bxg7 Nxg7 12. d4 exd4 13. Nxd4 Bh3 14. Bh1 Rae8
15. Nxc6 Qxc6 16. Nc3 Re5 17. Nd5 Nh5 18. Bf3 Kg7 19. g4 Nf6 20. Nxf6 Kxf6 21.
Qh6 Bxg4 22. Bxg4 Rfe8 23. Qf4+ Kg7 24. c3 Rxe4 25. Rxe4 Rxe4 26. Qg3 Qb5 27.
b3 h5 28. Bf3 Re5 29. Bg2 Rg5 30. Qf3 b6 31. Re1 Rf5 32. Qe2 Qa5 33. Qd2 Re5
34. Rxe5 Qxe5 35. Qd4 Kf6 36. Kf1 c5 37. Qxe5+ dxe5 38. Ke2 Kf5 39. Ke3 g5 40.
Bd5 f6 41. Bf7 Kg4 42. Ke4 Kh3 43. Bxh5 Kxh2 44. Kf5 Kg2 45. f3 1-0

[Event "XV  MIEDZYNARODOWY FESTIWAL  SZACHOWY "]
[Site "Rewal"]
[Date "2010.08.21"]
[Round "3.19"]
[White "Rogala, Robert"]
[Black "Motyl, Tomasz"]
[Result "1-0"]
[WhiteElo "2037"]
[BlackElo "2015"]
[PlyCount "73"]
[EventDate "2010.??.??"]

1. d4 d6 2. c4 e5 3. Nf3 e4 4. Nfd2 f5 5. e3 Nf6 6. Be2 c6 7. Nc3 g6 8. g4 Bh6
9. h4 fxg4 10. Ndxe4 O-O 11. d5 Qe7 12. Ng3 Nbd7 13. h5 gxh5 14. Nf5 Qe5 15.
Nxh6+ Kg7 16. e4 Nxe4 17. Nxe4 Qxe4 18. Rxh5 Ne5 19. Be3 c5 20. Nxg4 Bxg4 21.
Rg5+ Kh8 22. Bxg4 Nd3+ 23. Qxd3 Qxd3 24. Be2 Qe4 25. O-O-O Rxf2 26. Bd2 Rf6 27.
Rdg1 Rg6 28. Bh5 Kg7 29. Bc3+ Kh6 30. Bxg6 hxg6 31. R5g4 Re8 32. Rxe4 Rxe4 33.
b3 Re2 34. Bd2+ Kg7 35. Re1 Rh2 36. Re6 g5 37. Rxd6 1-0

[Event "XV  MIEDZYNARODOWY FESTIWAL  SZACHOWY "]
[Site "Rewal"]
[Date "2010.10.21"]
[Round "3.20"]
[White "Dobrowolski, Marcin"]
[Black "Klekowski, Maciej"]
[Result "0-1"]
[WhiteElo "1964"]
[BlackElo "2247"]
[PlyCount "76"]
[EventDate "2010.??.??"]

1. d4 d5 2. c4 e6 3. Nc3 Nf6 4. cxd5 exd5 5. Bg5 Nbd7 6. e3 Be7 7. Bd3 O-O 8.
Qc2 Re8 9. Nf3 Nf8 10. O-O c6 11. Rab1 Ne4 12. Bf4 g5 13. Be5 f6 14. Bg3 h5 15.
h4 g4 16. Nxe4 dxe4 17. Bc4+ Kg7 18. Nd2 Ng6 19. Nxe4 f5 20. Ng5 Bxg5 21. hxg5
Qxg5 22. Rbd1 h4 23. Be5+ Nxe5 24. dxe5 Rxe5 25. Rd6 Qe7 26. Rfd1 b5 27. Be2
Be6 28. Rxc6 Kf6 29. Rdd6 Rd8 30. Qd2 Rxd6 31. Rxd6 Kf7 32. Qd4 Re4 33. Qc5 Qf6
34. Qxa7+ Kg6 35. Bxb5 g3 36. f3 Qxb2 37. Rd1 h3 38. Bf1 Qf2+ 0-1

[Event "XV  MIEDZYNARODOWY FESTIWAL  SZACHOWY "]
[Site "Rewal"]
[Date "2010.08.21"]
[Round "3.21"]
[White "Siedlinski, Piotr"]
[Black "Sowul, Bartosz"]
[Result "1-0"]
[WhiteElo "2000"]
[BlackElo "2128"]
[PlyCount "97"]
[EventDate "2010.??.??"]

1. e4 g6 2. d4 Bg7 3. c3 d6 4. Nf3 Nd7 5. Bc4 e6 6. Nbd2 Ne7 7. Qc2 b6 8. Nf1
Bb7 9. Ng3 a6 10. O-O O-O 11. h4 c5 12. h5 cxd4 13. Nxd4 b5 14. Bxe6 fxe6 15.
Nxe6 Qb6 16. Nxf8 Rxf8 17. Be3 Qc6 18. f3 Ne5 19. hxg6 hxg6 20. Rad1 Nc4 21.
Bf2 Rf7 22. Rfe1 Be5 23. Ne2 Qc7 24. Bd4 d5 25. exd5 Bh2+ 26. Kf2 Bxd5 27. Rh1
Rf5 28. Qc1 g5 29. b3 Ne5 30. Bxe5 Qxe5 31. Qe3 Qxe3+ 32. Kxe3 Bc7 33. Rh6 a5
34. Nd4 Re5+ 35. Kd3 Bf7 36. Ra6 Nd5 37. Rd2 Kg7 38. Kc2 b4 39. c4 Nc3 40. g4
Rc5 41. Nf5+ Kf8 42. Ra8+ Be8 43. Rd7 Re5 44. Rxc7 Nxa2 45. Kd2 a4 46. Ra6 axb3
47. Rf6+ Kg8 48. Rg7+ Kh8 49. Rh6# 1-0

[Event "XV  MIEDZYNARODOWY FESTIWAL  SZACHOWY "]
[Site "Rewal"]
[Date "2010.08.21"]
[Round "3.22"]
[White "Spicak, Krzysztof"]
[Black "Latocha, Aleksander"]
[Result "1-0"]
[WhiteElo "2026"]
[BlackElo "1929"]
[PlyCount "85"]
[EventDate "2010.??.??"]

1. e4 c5 2. Nc3 d6 3. f4 Nc6 4. Bc4 g6 5. Nf3 Bg7 6. O-O e6 7. f5 exf5 8. d3
Nge7 9. Qe1 O-O 10. Qh4 a6 11. a4 Qc7 12. Bg5 Be6 13. Nd5 Nxd5 14. exd5 Bxd5
15. Bxd5 Bxb2 16. Rab1 Bg7 17. Bxc6 Qxc6 18. a5 b5 19. axb6 Rab8 20. Qg3 f6 21.
Bf4 Rfd8 22. b7 Bf8 23. h4 Rxb7 24. Rxb7 Qxb7 25. h5 g5 26. Bxg5 Qg7 27. Bf4
Qxg3 28. Bxg3 d5 29. Nh4 c4 30. Nxf5 cxd3 31. cxd3 Kf7 32. Ra1 d4 33. Rxa6 Rd5
34. Nd6+ Bxd6 35. Rxd6 Rxh5 36. Rxd4 Kg6 37. Rd8 f5 38. Bf4 Rh4 39. g3 Rg4 40.
Kf2 Kf6 41. Rd6+ Ke7 42. Ra6 h5 43. Rh6 1-0

[Event "XV  MIEDZYNARODOWY FESTIWAL  SZACHOWY "]
[Site "Rewal"]
[Date "2010.08.21"]
[Round "3.23"]
[White "Jagodzinski, Piotr"]
[Black "Halamus, Agata"]
[Result "0-1"]
[WhiteElo "2189"]
[BlackElo "1996"]
[PlyCount "88"]
[EventDate "2010.??.??"]

1. Nf3 c5 2. b3 Nc6 3. Bb2 d6 4. e3 e5 5. d3 Nge7 6. Nbd2 Nf5 7. c4 g6 8. a3
Bg7 9. Qc2 Be6 10. Be2 a5 11. O-O O-O 12. Rfd1 a4 13. Ne4 axb3 14. Qxb3 Na5 15.
Qc2 Qc7 16. Nc3 Rfd8 17. Ng5 Qe7 18. Nxe6 fxe6 19. Bf3 Rf8 20. Rab1 Bh6 21. Re1
Rf7 22. Nb5 Raf8 23. Be4 Nh4 24. f3 Qd8 25. Bc3 Nc6 26. Qa2 Ne7 27. d4 d5 28.
Bd3 Nef5 29. Bxf5 Rxf5 30. Kh1 cxd4 31. exd4 e4 32. cxd5 exf3 33. g3 f2 34. Rf1
exd5 35. Qe2 Re8 36. Qc2 Be3 37. Bb4 Nf3 38. Rxf2 Bxf2 39. Qxf2 Nxh2 40. Qxh2
Rh5 41. Qxh5 gxh5 42. Rb2 Qd7 43. a4 Qh3+ 44. Kg1 Re3 0-1

[Event "XV  MIEDZYNARODOWY FESTIWAL  SZACHOWY "]
[Site "Rewal"]
[Date "2010.08.21"]
[Round "3.24"]
[White "Siwiec, Arkadiusz"]
[Black "Sachryn, Krystian"]
[Result "1-0"]
[WhiteElo "2119"]
[BlackElo "1862"]
[PlyCount "59"]
[EventDate "2010.??.??"]

1. e4 c5 2. Nf3 Nc6 3. d4 cxd4 4. Nxd4 Nf6 5. Nc3 g6 6. Be3 Bg7 7. Bc4 O-O 8.
Bb3 Ng4 9. Qxg4 Nxd4 10. Qd1 Nxb3 11. axb3 Qc7 12. Nd5 Qe5 13. O-O a5 14. Qd3
f5 15. exf5 gxf5 16. Bc5 Qe4 17. Qxe4 fxe4 18. Nc7 d6 19. Nxa8 Bg4 20. Rxa5
dxc5 21. c3 b5 22. h3 Be2 23. Re1 Bd3 24. Nc7 Bh6 25. Nd5 b4 26. Rxc5 bxc3 27.
bxc3 Bc2 28. b4 Bd2 29. Re2 e3 30. fxe3 1-0

[Event "XV  MIEDZYNARODOWY FESTIWAL  SZACHOWY "]
[Site "Rewal"]
[Date "2010.08.21"]
[Round "3.25"]
[White "Wiewiora, Eneasz"]
[Black "Gorol, Magdalena"]
[Result "1-0"]
[WhiteElo "2042"]
[BlackElo "1787"]
[PlyCount "75"]
[EventDate "2010.??.??"]

1. e4 d5 2. exd5 Qxd5 3. Nc3 Qa5 4. d4 Bf5 5. Nf3 Nf6 6. Bc4 e6 7. Bd2 c6 8. h3
Nbd7 9. O-O Be7 10. Nd5 Qd8 11. Nxe7 Qxe7 12. Re1 Ne4 13. Bc1 O-O 14. Bd3 Nd6
15. Bf4 Bxd3 16. Qxd3 Rfe8 17. Ng5 Nf6 18. Be5 Nf5 19. Ne4 Nxe4 20. Qxe4 Rad8
21. c3 Rd7 22. g4 Nd6 23. Qe2 Red8 24. Bg3 h5 25. f4 hxg4 26. hxg4 Qf6 27. Kg2
Qg6 28. Rad1 Ne8 29. f5 Qg5 30. fxe6 Re7 31. exf7+ Rxf7 32. Rf1 Nf6 33. Rde1
Re8 34. Qxe8+ Nxe8 35. Rxe8+ Kh7 36. Rxf7 Qd5+ 37. Rf3 Qxa2 38. Re2 1-0

[Event "XV  MIEDZYNARODOWY FESTIWAL  SZACHOWY "]
[Site "Rewal"]
[Date "2010.08.23"]
[Round "4.1"]
[White "Jaracz, Pawel"]
[Black "Sharapov, Evgeny"]
[Result "1/2-1/2"]
[WhiteElo "2541"]
[BlackElo "2499"]
[PlyCount "33"]
[EventDate "2010.??.??"]

1. e4 c6 2. d4 d5 3. Nc3 dxe4 4. Nxe4 Bf5 5. Ng3 Bg6 6. Nf3 Nd7 7. h4 h6 8. h5
Bh7 9. Bd3 Bxd3 10. Qxd3 Ngf6 11. Bf4 Qa5+ 12. Bd2 Qc7 13. O-O-O e6 14. Qe2
O-O-O 15. Ne5 Nxe5 16. dxe5 Nd7 17. f4 1/2-1/2

[Event "XV  MIEDZYNARODOWY FESTIWAL  SZACHOWY "]
[Site "Rewal"]
[Date "2010.08.23"]
[Round "4.2"]
[White "Rudolf, Michal"]
[Black "Cyborowski, Lukasz"]
[Result "1/2-1/2"]
[WhiteElo "2372"]
[BlackElo "2529"]
[PlyCount "47"]
[EventDate "2010.??.??"]

1. e4 c5 2. Nf3 d6 3. d4 cxd4 4. Nxd4 Nf6 5. Nc3 a6 6. f4 e5 7. Nf3 Nbd7 8. Bd3
Be7 9. O-O O-O 10. Qe1 b5 11. a3 Bb7 12. fxe5 dxe5 13. Bg5 Nh5 14. Qh4 Bxg5 15.
Nxg5 Nhf6 16. Rad1 h6 17. Nf3 Re8 18. Kh1 Qe7 19. Qe1 Nc5 20. Nh4 Bc8 21. Nf5
Bxf5 22. Rxf5 Rad8 23. Qe3 Nxd3 24. cxd3 1/2-1/2

[Event "XV  MIEDZYNARODOWY FESTIWAL  SZACHOWY "]
[Site "Rewal"]
[Date "2010.08.23"]
[Round "4.4"]
[White "Oliwa, Marek"]
[Black "Piesik, Piotr"]
[Result "1-0"]
[WhiteElo "2418"]
[BlackElo "2264"]
[PlyCount "63"]
[EventDate "2010.??.??"]

1. Nf3 Nf6 2. d4 d5 3. c4 c6 4. Nc3 e6 5. e3 Nbd7 6. Qc2 Bd6 7. Bd2 O-O 8. Bd3
Qe7 9. O-O-O Re8 10. e4 dxc4 11. Bxc4 e5 12. Bg5 exd4 13. Nxd4 Ne5 14. Bb3 h6
15. Bh4 Ng6 16. Bg3 Be5 17. Rhe1 Qc7 18. Bxe5 Qxe5 19. g3 Qc5 20. f3 Bd7 21.
Kb1 Rad8 22. Ka1 Qa5 23. f4 Bg4 24. Rd2 Qc5 25. e5 Nxe5 26. Rxe5 Rxe5 27. fxe5
Rxd4 28. Rxd4 Qxd4 29. exf6 Qxf6 30. a3 Be6 31. Bxe6 Qxe6 32. Qe2 1-0

[Event "XV  MIEDZYNARODOWY FESTIWAL  SZACHOWY "]
[Site "Rewal"]
[Date "2010.08.23"]
[Round "4.5"]
[White "Wandzik, Wojciech"]
[Black "Janaszak, Dawid"]
[Result "0-1"]
[WhiteElo "2151"]
[BlackElo "2318"]
[PlyCount "78"]
[EventDate "2010.??.??"]

1. e4 c5 2. Nf3 Nc6 3. Bb5 d6 4. O-O Bd7 5. Re1 Nf6 6. c3 a6 7. Bf1 Bg4 8. h3
Bxf3 9. Qxf3 g6 10. d3 Bg7 11. a4 O-O 12. Be3 Rb8 13. Nd2 b5 14. d4 cxd4 15.
cxd4 Nd7 16. axb5 axb5 17. Nb3 e5 18. d5 Nd4 19. Qd1 Nc5 20. Bxd4 Nxb3 21. Qxb3
exd4 22. Qb4 h5 23. Ra5 Qg5 24. Rxb5 Rbc8 25. Qb3 Be5 26. Rb7 h4 27. Qf3 Rc2
28. Bd3 Rd2 29. Ra1 Qh6 30. Bf1 d3 31. Rd1 Rxd1 32. Qxd1 Qf4 33. Bxd3 Rc8 34.
Bc2 Qh2+ 35. Kf1 Qh1+ 36. Ke2 Qxg2 37. Bb1 Qxh3 38. Qd3 Qxd3+ 39. Bxd3 h3 0-1

[Event "XV  MIEDZYNARODOWY FESTIWAL  SZACHOWY "]
[Site "Rewal"]
[Date "2010.08.23"]
[Round "4.6"]
[White "Korneevets, Alexander"]
[Black "Sroka, Janusz"]
[Result "1-0"]
[WhiteElo "2314"]
[BlackElo "2148"]
[PlyCount "81"]
[EventDate "2010.??.??"]

1. e4 e5 2. Nf3 Nc6 3. Bb5 a6 4. Bxc6 dxc6 5. O-O Bg4 6. h3 Bxf3 7. Qxf3 Qf6 8.
Qxf6 Nxf6 9. d3 Bc5 10. Nd2 O-O-O 11. a4 h6 12. Nc4 Rhe8 13. a5 Re6 14. g3 Rg8
15. Kh2 g5 16. f4 gxf4 17. gxf4 exf4 18. Bxf4 Nh5 19. Be3 Bxe3 20. Nxe3 Rf6 21.
Ng4 Rf4 22. Rxf4 Nxf4 23. Rf1 Ne6 24. Nxh6 Rh8 25. Nxf7 Rh7 26. Ne5 Kd8 27. Nf3
c5 28. h4 Ke7 29. Kg3 Rg7+ 30. Kf2 Nf4 31. Ng5 Kd6 32. Kg3 Ne2+ 33. Kg4 Nd4 34.
Rf3 Nc6 35. h5 Ne5+ 36. Kh4 Ke7 37. Rf5 Nd7 38. h6 Rg8 39. h7 Rh8 40. Rf7+ Kd6
41. Kh5 1-0

[Event "XV  MIEDZYNARODOWY FESTIWAL  SZACHOWY "]
[Site "Rewal"]
[Date "2010.08.23"]
[Round "4.7"]
[White "Adamski, Jan"]
[Black "Pietocha, Pawel"]
[Result "1/2-1/2"]
[WhiteElo "2287"]
[BlackElo "2113"]
[PlyCount "25"]
[EventDate "2010.??.??"]

1. Nf3 c5 2. c4 g6 3. d4 Bg7 4. e4 d6 5. Nc3 Nc6 6. d5 Nd4 7. Nxd4 cxd4 8. Nb5
Qb6 9. Bd3 a6 10. Na3 Nf6 11. O-O O-O 12. Rb1 a5 13. Bg5 1/2-1/2

[Event "XV  MIEDZYNARODOWY FESTIWAL  SZACHOWY "]
[Site "Rewal"]
[Date "2010.08.23"]
[Round "4.8"]
[White "Robak, Zbigniew"]
[Black "Reza, Wojciech"]
[Result "1-0"]
[WhiteElo "2278"]
[BlackElo "1940"]
[PlyCount "43"]
[EventDate "2010.??.??"]

1. e4 c5 2. Nf3 Nc6 3. c3 Nf6 4. e5 Nd5 5. d4 cxd4 6. Bc4 Nb6 7. Bb3 dxc3 8.
Nxc3 Na5 9. Ng5 Nxb3 10. axb3 f6 11. Nge4 f5 12. Ng5 e6 13. O-O Be7 14. Qh5+ g6
15. Qh6 Bf8 16. Qh3 h6 17. Rd1 Qc7 18. Be3 Bg7 19. Nb5 Qc6 20. Nd6+ Ke7 21.
Ngf7 Re8 22. Rac1 1-0

[Event "XV  MIEDZYNARODOWY FESTIWAL  SZACHOWY "]
[Site "Rewal"]
[Date "2010.08.23"]
[Round "4.9"]
[White "Hansson, Hakan"]
[Black "Klim, Kamil"]
[Result "1/2-1/2"]
[WhiteElo "2114"]
[BlackElo "2245"]
[PlyCount "102"]
[EventDate "2010.??.??"]

1. d4 Nf6 2. c4 g6 3. Nc3 Bg7 4. e4 O-O 5. f3 c5 6. Be3 cxd4 7. Bxd4 Nc6 8. Be3
Qa5 9. Qd2 e6 10. Nge2 d5 11. cxd5 exd5 12. Nxd5 Nxd5 13. Qxa5 Nxa5 14. exd5
Bxb2 15. Rd1 Nc4 16. Bd4 Bxd4 17. Rxd4 Nd6 18. Nc3 Bd7 19. Be2 f5 20. Kd2 Rfc8
21. Rb1 Rc5 22. a4 Rac8 23. Nb5 Bxb5 24. axb5 Rc2+ 25. Kd1 Ra2 26. Rb3 Re8 27.
Rd2 Ra1+ 28. Kc2 Rh1 29. h3 Rg1 30. Bd3 Rc8+ 31. Rc3 Rc1+ 32. Kxc1 Rxc3+ 33.
Kb2 Rc5 34. Kb3 b6 35. Kb4 Kf8 36. Be2 Ke8 37. Ra2 Rc7 38. g4 fxg4 39. hxg4 g5
40. Bd3 Rf7 41. Re2+ Kd7 42. Rh2 Rxf3 43. Rxh7+ Rf7 44. Rxf7+ Nxf7 45. Kc3 Kd6
46. Kd4 Ne5 47. Be2 Ng6 48. Ke4 Nh4 49. Kd4 Ng6 50. Ke4 Nh4 51. Kd4 Ng6 1/2-1/2

[Event "XV  MIEDZYNARODOWY FESTIWAL  SZACHOWY "]
[Site "Rewal"]
[Date "2010.08.23"]
[Round "4.11"]
[White "Kielar, Maciej"]
[Black "Szczepkowska-horowska, Karina"]
[Result "1-0"]
[WhiteElo "2055"]
[BlackElo "2298"]
[PlyCount "119"]
[EventDate "2010.??.??"]

1. Nf3 Nf6 2. c4 d6 3. Nc3 e5 4. d4 Nbd7 5. g3 Be7 6. Bg2 O-O 7. O-O c6 8. Qc2
a6 9. b3 Re8 10. Bb2 Bf8 11. e4 b5 12. cxb5 cxb5 13. Rfd1 Bb7 14. Nh4 Rc8 15.
Qd3 b4 16. Na4 exd4 17. Qxd4 Bxe4 18. Qxb4 a5 19. Qd4 Bxg2 20. Nxg2 Rc2 21.
Rac1 Ree2 22. Rxc2 Rxc2 23. Qd3 Qc8 24. Ne3 Rc6 25. Qf5 Qa6 26. Nc4 d5 27. Ne3
Qe2 28. Qd3 Qh5 29. Bd4 Ne4 30. Nc3 Ng5 31. Nexd5 Rd6 32. f4 Nf3+ 33. Kg2 Nxd4
34. Qxd4 h6 35. Rd2 Rc6 36. Qa7 Nb6 37. Qxa5 Nxd5 38. Qxd5 Qg6 39. f5 Qd6 40.
Qxd6 Bxd6 41. Nb5 Bb4 42. Rd8+ Kh7 43. Nd4 Rc1 44. Kf3 Rf1+ 45. Ke4 Rf2 46. a4
Rxh2 47. Nc6 Be1 48. g4 Rg2 49. Kf4 Rc2 50. Ne5 Bh4 51. Rf8 g5+ 52. Ke4 Re2+
53. Kd5 Rd2+ 54. Kc4 Bg3 55. Rxf7+ Kg8 56. Re7 Rc2+ 57. Kb5 Re2 58. Ng6 Rb2 59.
b4 Bd6 60. Re4 1-0

[Event "XV  MIEDZYNARODOWY FESTIWAL  SZACHOWY "]
[Site "Rewal"]
[Date "2010.08.23"]
[Round "4.13"]
[White "Klekowski, Maciej"]
[Black "Nasuta, Grzegorz"]
[Result "1-0"]
[WhiteElo "2247"]
[BlackElo "2102"]
[PlyCount "59"]
[EventDate "2010.??.??"]

1. Nf3 Nf6 2. b3 g6 3. Bb2 Bg7 4. g3 O-O 5. Bg2 d5 6. c4 c6 7. O-O Nbd7 8. Qc2
Nb6 9. d3 Ne8 10. Bxg7 Nxg7 11. e4 dxe4 12. dxe4 Qc7 13. c5 Nd7 14. Nbd2 b6 15.
cxb6 axb6 16. Rac1 Bb7 17. Rfd1 c5 18. a4 Nf6 19. b4 Bc6 20. a5 Qb8 21. Re1 Rc8
22. axb6 cxb4 23. Qc5 Qb7 24. Nd4 Be8 25. e5 Rxc5 26. Bxb7 Rxc1 27. Rxc1 Rb8
28. exf6 Rxb7 29. fxg7 Kxg7 30. Nc4 1-0

[Event "XV  MIEDZYNARODOWY FESTIWAL  SZACHOWY "]
[Site "Rewal"]
[Date "2010.08.23"]
[Round "4.14"]
[White "Skawinski, Arkadiusz"]
[Black "Rogala, Robert"]
[Result "1-0"]
[WhiteElo "2233"]
[BlackElo "2037"]
[PlyCount "47"]
[EventDate "2010.??.??"]

1. e4 d6 2. d4 Nf6 3. Nc3 g6 4. f4 Bg7 5. Nf3 c5 6. Bb5+ Bd7 7. e5 Ng4 8. e6
fxe6 9. Ng5 Bxb5 10. Nxb5 Qa5+ 11. c3 Qxb5 12. Nxe6 Qd7 13. Qxg4 Bf6 14. d5 Na6
15. f5 Rg8 16. fxg6 hxg6 17. O-O Nc7 18. Nxc7+ Qxc7 19. Qe6 Rf8 20. Bh6 Rf7 21.
Rae1 Rd8 22. Rxf6 Rxf6 23. Qxf6 Qd7 24. Qf8# 1-0

[Event "XV  MIEDZYNARODOWY FESTIWAL  SZACHOWY "]
[Site "Rewal"]
[Date "2010.08.23"]
[Round "4.15"]
[White "Guzik, Jolanta"]
[Black "Gola, Karol"]
[Result "1/2-1/2"]
[WhiteElo "2112"]
[BlackElo "2212"]
[PlyCount "55"]
[EventDate "2010.??.??"]

1. c4 e6 2. Nc3 d5 3. d4 Nf6 4. Nf3 Be7 5. Bg5 h6 6. Bh4 O-O 7. e3 b6 8. cxd5
Nxd5 9. Bxe7 Qxe7 10. Nxd5 exd5 11. Be2 Be6 12. O-O c5 13. Ne5 Nd7 14. Nxd7
Qxd7 15. dxc5 bxc5 16. Rc1 Rac8 17. Qd2 Rfd8 18. Rfd1 Qd6 19. b3 Qb6 20. Bf3 d4
21. exd4 cxd4 22. Rxc8 Bxc8 23. Be4 Bb7 24. Bd3 Ba6 25. h3 Bxd3 26. Qxd3 Qc5
27. Qc4 Qe5 28. Qa6 1/2-1/2